LEADER 01537nam0 22003853i 450 001 PAL0020695 005 20251003044305.0 010 $a883870192X 100 $a19920102d1991 ||||0itac50 ba 101 | $aita 102 $ait 181 1$6z01$ai $bxxxe 182 1$6z01$an 183 1$6z01$anc$2RDAcarrier 200 1 $aManuale di diritto degli enti locali$fGiancarlo Rolla 205 $a2. ed. aggiornata con la legge n. 142/90 210 $aRimini$cMaggioli$d[1991] 215 $a385 p.$d24 cm 225 | $aU$v17 410 0$1001CFI0073949$12001 $aU$v17 606 $aEnti locali$xLegislazione$2FIR$3CFIC001484$9E 606 $aEnti locali$xDiritto$xItalia$2FIR$3UFIC028339$9I 676 $a342.4509$9DIRITTO COSTITUZIONALE. GOVERNO LOCALE. ITALIA$v22 676 $a352.045$9Amministrazione locale. Italia.$v21 696 $aAspetti giuridici 699 $aDiritto$zAspetti giuridici 700 1$aRolla$b, Giancarlo$3CFIV011580$4070$0437785 801 3$aIT$bIT-000000$c19920102 850 $aIT-BN0095 901 $bNAP 01$cLT $n$ 912 $aPAL0020695 950 0$aBiblioteca Centralizzata di Ateneo$c1 v. in due copie$d 01LT (AR) 10 B 890$e 01AR 0700108905 VMA A4 1 v.$fB $h20140220$i20140220$c1 v. in due copie$d 01LT (AR) 10 B 891$e 01AR 0700108915 VMA A4(bis 1 v. (2. copia)$fY $h20190514$i20190514 977 $a 01 996 $aManuale di diritto degli enti locali$965489 997 $aUNISANNIO LEADER 04852nam 22009135 450 001 9910298980303321 005 20251117074549.0 010 $a1-4471-6392-3 024 7 $a10.1007/978-1-4471-6392-3 035 $a(CKB)3710000000094947 035 $a(EBL)1697678 035 $a(OCoLC)881165899 035 $a(SSID)ssj0001186506 035 $a(PQKBManifestationID)11813507 035 $a(PQKBTitleCode)TC0001186506 035 $a(PQKBWorkID)11241618 035 $a(PQKB)11308561 035 $a(MiAaPQ)EBC1697678 035 $a(DE-He213)978-1-4471-6392-3 035 $a(MiAaPQ)EBC4976047 035 $a(Au-PeEL)EBL4976047 035 $a(CaONFJC)MIL600500 035 $a(OCoLC)875580136 035 $a(PPN)177825421 035 $a(iGPub)SPNA0031225 035 $a(EXLCZ)993710000000094947 100 $a20140326d2014 u| 0 101 0 $aeng 135 $aur|n|---||||| 181 $ctxt 182 $cc 183 $acr 200 10$aAdvances in Physiological Computing /$fedited by Stephen H. Fairclough, Kiel Gilleade 205 $a1st ed. 2014. 210 1$aLondon :$cSpringer London :$cImprint: Springer,$d2014. 215 $a1 online resource (248 p.) 225 1 $aHuman?Computer Interaction Series,$x1571-5035 300 $aDescription based upon print version of record. 311 08$a1-4471-6391-5 320 $aIncludes bibliographical references at the end of each chapters and index. 327 $aIntroduction -- Meaningful Interaction with Physiological Computing -- Engineering Issues in Physiological Computing -- Eye Tracking and Eye-Based Human-Computer Interaction -- Towards BCI-based Implicit Control in HCI -- Bio cybernetic Adaptation as Biofeedback Training -- Using fNIRS to Measure Mental Workload in the Real World -- Psychophysiological Feedback for Adaptive HRI -- The Drive to Explore -- The Vitality Bracelet -- Capturing HDM for Assisted Memory Recall. 330 $aIn the domain of physiological computing, human physiology is directly monitored and used as input to a technological system. Signals from the brain and body can be used to infer a user?s intentions and psychological state which enables a physiological computing system to respond and adapt in an appropriate fashion.  A computer game could modify its level of difficulty according to the player's motivation or a word processor could disable incoming e-mail notifications when the user is concentrating. Physiological computing is an exciting area of research which provides a speculative vision of how we may interact with technology in the future. The field is inherently interdisciplinary and encapsulates a significant breadth of knowledge from neuroscience to engineering. Advances in Physiological Computing provides a broad overview across this emerging area of research and emphasizes the common ground between the different disciplines in the field. . 410 0$aHuman?Computer Interaction Series,$x1571-5035 606 $aUser interfaces (Computer systems) 606 $aPsychobiology 606 $aBiometry 606 $aApplication software 606 $aPsychology?Methodology 606 $aPsychometrics 606 $aClinical health psychology 606 $aUser Interfaces and Human Computer Interaction$3https://scigraph.springernature.com/ontologies/product-market-codes/I18067 606 $aBiological Psychology$3https://scigraph.springernature.com/ontologies/product-market-codes/Y20020 606 $aBiometrics$3https://scigraph.springernature.com/ontologies/product-market-codes/I22040 606 $aComputer Applications$3https://scigraph.springernature.com/ontologies/product-market-codes/I23001 606 $aPsychological Methods/Evaluation$3https://scigraph.springernature.com/ontologies/product-market-codes/Y20040 606 $aHealth Psychology$3https://scigraph.springernature.com/ontologies/product-market-codes/Y12020 615 0$aUser interfaces (Computer systems) 615 0$aPsychobiology. 615 0$aBiometry. 615 0$aApplication software. 615 0$aPsychology?Methodology. 615 0$aPsychometrics. 615 0$aClinical health psychology. 615 14$aUser Interfaces and Human Computer Interaction. 615 24$aBiological Psychology. 615 24$aBiometrics. 615 24$aComputer Applications. 615 24$aPsychological Methods/Evaluation. 615 24$aHealth Psychology. 676 $a004.019 702 $aFairclough$b Stephen H$4edt$4http://id.loc.gov/vocabulary/relators/edt 702 $aGilleade$b Kiel$4edt$4http://id.loc.gov/vocabulary/relators/edt 801 0$bMiAaPQ 801 1$bMiAaPQ 801 2$bMiAaPQ 906 $aBOOK 912 $a9910298980303321 996 $aAdvances in Physiological Computing$92175807 997 $aUNINA